| 000 | 00376nam a2200121 4500 | ||
|---|---|---|---|
| 999 |
_c12400 _d12400 |
||
| 008 | 190124b ||||| |||| 00| 0 eng d | ||
| 100 |
_934934 _aMateo, Janvic |
||
| 245 |
_aDSWD: climate change makes life harder for poor Pinoys/ _cJanvic Mateo |
||
| 260 |
_aPhilippines _bThe Philippine Star _cc2018 |
||
| 300 | _apage B6. | ||
| 650 | 0 |
_934997 _aClimate change. |
|
| 942 |
_2ddc _cPER |
||